| 000 | 01158cam a2200301 a 4500 | ||
|---|---|---|---|
| 999 |
_c128714 _d128714 |
||
| 001 | 4731495 | ||
| 003 | ARRUPE | ||
| 005 | 20181205095550.0 | ||
| 008 | 840110s1984 miu b 001 0 eng | ||
| 010 | _a 84001482 | ||
| 020 | _a0802819982 (pbk.) | ||
| 040 |
_aDLC _cDLC _dDLC |
||
| 050 | 0 | 0 |
_aPR6023.E926 _bT5437 1984 |
| 082 | 0 | 0 |
_a823/.912 _219 |
| 100 | 1 |
_aSchakel, Peter J. _943783 |
|
| 245 | 1 | 0 |
_aReason and imagination in C.S. Lewis : _ba study of Till we have faces / _cPeter J. Schakel. |
| 260 |
_aGrand Rapids, Mich. : _bW.B. Eerdmans Pub. Co., _cc1984. |
||
| 300 |
_axii, 208 p. ; _c21 cm. |
||
| 504 | _aIncludes bibliographical references and index. | ||
| 600 | 1 | 0 |
_aLewis, C. S. _q(Clive Staples), _d1898-1963. _tTill we have faces. _943784 |
| 600 | 0 | 0 |
_aCupid and Psyche (Tale) _c(Greek deity) _xHistory and criticism _943785 |
| 650 | 0 |
_aReason in literature _943786 |
|
| 650 | 0 |
_aImagination in literature. _925816 |
|
| 906 |
_a7 _bcbc _corignew _d1 _eocip _f19 _gy-gencatlg |
||
| 942 |
_2lcc _cMONOGRAPH |
||